|
|
|
|
| LEADER |
01744nam a2200361 a 4500 |
| 001 |
15353648 |
| 008 |
101219s2009 maua b 001 0 eng d |
| 010 |
|
|
|a 2008029244
|
| 020 |
|
|
|a 9780071276191
|
| 020 |
|
|
|a 9780073382340 (alk. paper)
|
| 020 |
|
|
|a 0073382345 (alk. paper)
|
| 040 |
|
|
|a DLC
|c DLC
|d YDX
|d BTCTA
|d BAKER
|d YDXCP
|d BWX
|d DLC
|d BD-DhAAL
|
| 082 |
0 |
0 |
|a 658.15/99
|2 22
|
| 100 |
1 |
|
|a Eun, Cheol S.
|
| 245 |
1 |
0 |
|a International financial management /
|c Cheol S. Eun, Bruce G. Resnick.
|
| 250 |
|
|
|a 5th ed.
|
| 260 |
|
|
|a Boston :
|b McGraw-Hill Irwin,
|c c2009.
|
| 300 |
|
|
|a xxiii, 533 p. :
|b ill. ;
|c 29 cm.
|
| 490 |
1 |
|
|a The McGraw-Hill/Irwin series in finance, insurance, and real estate
|
| 504 |
|
|
|a Includes bibliographical references and index.
|
| 541 |
1 |
|
|e 00021630
|
| 650 |
|
0 |
|a International finance.
|
| 650 |
|
0 |
|a International business enterprises
|x Finance.
|
| 650 |
|
0 |
|a Foreign exchange.
|
| 650 |
|
0 |
|a Financial institutions, International.
|
| 700 |
1 |
|
|a Resnick, Bruce G.
|
| 830 |
|
0 |
|a McGraw-Hill/Irwin series in finance, insurance, and real estate.
|
| 852 |
4 |
|
|a Ayesha Abed library
|c General Shelf.
|
| 942 |
0 |
0 |
|0 1
|
| 999 |
|
|
|c 10269
|d 10269
|
| 952 |
|
|
|0 0
|1 0
|2 ddc
|4 0
|6 658_159900000000000_EUN
|7 0
|9 13716
|a BRACUL
|b BRACUL
|c GEN
|d 2011-01-02
|l 6
|m 39
|o 658.1599 EUN
|p 3010021630
|r 2025-05-23
|s 2025-03-13
|t 1
|w 2011-01-02
|y BK
|
| 952 |
|
|
|0 0
|1 0
|2 ddc
|4 0
|6 658_150000000000000_99_EUN
|7 0
|9 14489
|a BRACUL
|b BRACUL
|c GEN
|d 2011-02-28
|e Karim Internatinal
|g 2100.00
|l 8
|m 70
|o 658.1599 EUN
|p 3010021988
|r 2024-10-29
|s 2024-05-23
|t 2
|w 2011-02-28
|y BK
|
| 952 |
|
|
|0 0
|1 4
|2 ddc
|4 0
|6 658_159900000000000_EUN
|7 0
|9 14490
|a BRACUL
|b BRACUL
|c GEN
|d 2011-02-28
|e Karim Internatinal
|g 2100.00
|l 0
|o 658.1599 EUN
|p 3010021989
|r 2011-02-28
|t 3
|w 2011-02-28
|y BK
|x Koha Inventory 2020
|